2018 Movie Slot Machine Quiz Stats

 Plays Quiz Updated Mar 20, 2019

Score 0/50 Timer 05:00
0 Plays Today
Hint Answer % Correct
RhapsodyBohemian Rhapsody
98.1%
BohemianBohemian Rhapsody
98%
TombTomb Raider
96.8%
RaiderTomb Raider
96.8%
Ocean'sOcean's Eight
94.3%
BlackBlack Panther
94.2%
EightOcean's Eight
94.2%
PantherBlack Panther
94.2%
RobinRobin Hood
93.6%
HoodRobin Hood
93.6%
RobinChristopher Robin
93.5%
ChristopherChristopher Robin
93.5%
RabbitPeter Rabbit
91.6%
PeterPeter Rabbit
91.6%
SherlockSherlock Gnomes
86.5%
GnomesSherlock Gnomes
86.5%
SlenderSlender Man
85.2%
ManSlender Man
85.2%
BirdBird Box
84.3%
BoxBird Box
84.3%
RedRed Sparrow
83.9%
SparrowRed Sparrow
83.8%
BookGreen Book
83.2%
GreenGreen Book
83.1%
ClubBook Club
81.7%
Hint Answer % Correct
BookBook Club
81.7%
GameGame Night
80.2%
NightGame Night
80.1%
Love,Love, Simon
79.1%
SimonLove, Simon
79.1%
SecondSecond Act
78.8%
ActSecond Act
78.8%
GradeEighth Grade
78.8%
EighthEighth Grade
78.7%
FirstFirst Man
78.6%
ManFirst Man
78.6%
1212 Strong
78.5%
Strong12 Strong
78.5%
BeautifulBeautiful Boy
77.5%
BoyBeautiful Boy
77.5%
FamilyInstant Family
76.6%
InstantInstant Family
76.6%
MortalMortal Engines
75.7%
EnginesMortal Engines
75.7%
BoyBoy Erased
74.9%
ErasedBoy Erased
74.8%
HotelHotel Artemis
74.6%
ArtemisHotel Artemis
74.6%
NationAssassination Nation
73.9%
AssassinationAssassination Nation
73.8%

You're not logged in!

Compare scores with friends on all Sporcle quizzes.
OR
Log In

Sporcle TV

Today on Sporcle TV


Watch our educational content, quiz creation guides, and fun videos on Sporcle TV.

Show Comments

Extras

Top Quizzes Today


Score Distribution

Your Account Isn't Verified!

In order to create a playlist on Sporcle, you need to verify the email address you used during registration. Go to your Sporcle Settings to finish the process.

Report this User

Report this user for behavior that violates our Community Guidelines.

Details: